ARRUPE JESUIT UNIVERSITY

CORONAVIRUS -STOP THE SPREAD - CLEAN,DISINFECT,COVER

The architecture of the mind : (Record no. 121896)

MARC details
000 -LEADER
fixed length control field 01677cam a22004214a 4500
001 - CONTROL NUMBER
control field 6051551
003 - CONTROL NUMBER IDENTIFIER
control field ARRUPE
005 - DATE AND TIME OF LATEST TRANSACTION
control field 20150224020008.0
008 - FIXED-LENGTH DATA ELEMENTS--GENERAL INFORMATION
fixed length control field 060523s2006 enka b 001 0 eng
010 ## - LIBRARY OF CONGRESS CONTROL NUMBER
LC control number 2006017200
015 ## - NATIONAL BIBLIOGRAPHY NUMBER
National bibliography number GBA658742
Source bnb
016 7# - NATIONAL BIBLIOGRAPHIC AGENCY CONTROL NUMBER
Record control number 013504349
Source Uk
020 ## - INTERNATIONAL STANDARD BOOK NUMBER
International Standard Book Number 0199207070 (pbk)
020 ## - INTERNATIONAL STANDARD BOOK NUMBER
International Standard Book Number 9780199207077 (pbk)
020 ## - INTERNATIONAL STANDARD BOOK NUMBER
International Standard Book Number 0199207089 (hbk)
020 ## - INTERNATIONAL STANDARD BOOK NUMBER
International Standard Book Number 9780199207084 (hbk)
029 1# - (OCLC)
OCLC library identifier YDXCP
System control number 2459774
029 1# - (OCLC)
OCLC library identifier YDXCP
System control number 2459773
035 ## - SYSTEM CONTROL NUMBER
System control number (OCoLC)ocm69734448
035 ## - SYSTEM CONTROL NUMBER
System control number (NNC)6051551
040 ## - CATALOGING SOURCE
Original cataloging agency DLC
Transcribing agency DLC
Modifying agency BAKER
-- BWKUK
-- UKM
-- BTCTA
-- YDX
-- YDXCP
-- IXA
042 ## - AUTHENTICATION CODE
Authentication code pcc
050 00 - LIBRARY OF CONGRESS CALL NUMBER
Classification number BF38
Item number .C375 2006
082 00 - DEWEY DECIMAL CLASSIFICATION NUMBER
Classification number 128/.2
Edition number 22
300 ## - PHYSICAL DESCRIPTION
Other physical details ill. ;
Dimensions 24 cm.
100 1# - MAIN ENTRY--PERSONAL NAME
Personal name Carruthers, Peter,
Dates associated with a name 1952-
9 (RLIN) 14641
245 14 - TITLE STATEMENT
Title The architecture of the mind :
Remainder of title massive modularity and the flexibility of thought /
Statement of responsibility, etc Peter Carruthers.
260 ## - PUBLICATION, DISTRIBUTION, ETC. (IMPRINT)
Place of publication, distribution, etc Oxford :
Name of publisher, distributor, etc Clarendon Press ;
Place of publication, distribution, etc Oxford ;
-- New York :
Name of publisher, distributor, etc Oxford University Press,
Date of publication, distribution, etc 2006.
300 ## - PHYSICAL DESCRIPTION
Extent xviii, 462 p. :
504 ## - BIBLIOGRAPHY, ETC. NOTE
Bibliography, etc Includes bibliographical references (p. [418]-448) and indexes.
505 0# - FORMATTED CONTENTS NOTE
Formatted contents note The case for massively modular models of mind -- The architecture of animal minds -- Modules of the human mind -- Modularity and flexibility : the first steps -- Creative cognition in a modular mind -- The cognitive basis of science -- Distinctively human practical reason.
650 #0 - SUBJECT ADDED ENTRY--TOPICAL TERM
Topical term or geographic name as entry element Psychology
General subdivision Philosophy.
9 (RLIN) 2047
650 #0 - SUBJECT ADDED ENTRY--TOPICAL TERM
Topical term or geographic name as entry element Modularity (Psychology)
9 (RLIN) 14642
650 #0 - SUBJECT ADDED ENTRY--TOPICAL TERM
Topical term or geographic name as entry element Brain.
9 (RLIN) 14643
856 41 - ELECTRONIC LOCATION AND ACCESS
Materials specified Table of contents only
Uniform Resource Identifier <a href="http://www.loc.gov/catdir/toc/ecip0614/2006017200.html">http://www.loc.gov/catdir/toc/ecip0614/2006017200.html</a>
942 ## - ADDED ENTRY ELEMENTS (KOHA)
Source of classification or shelving scheme Library of Congress Classification
Koha item type Monograph ( Printed materials)
Koha issues (borrowed), all copies 2
948 1# - LOCAL PROCESSING INFORMATION (OCLC); SERIES PART DESIGNATOR (RLIN)
Series part designator, SPT (RLIN) 20070122
b (OCLC) c
c (OCLC) dc21
d (OCLC) MPS
Holdings
Withdrawn status Lost status Source of classification or shelving scheme Damaged status Not for loan Collection code Home library Current library Shelving location Date acquired Total Checkouts Full call number Barcode Date last seen Date checked out Price effective from Koha item type
    Library of Congress Classification     Main Collection ARRUPE LIBRARY ARRUPE LIBRARY General Stacks 26/01/2015 3 BF38 .C375 2006 46500003010 12/09/2016 03/09/2016 26/01/2015 Monograph ( Printed materials)

 

Arrupe Library. PO Box MP320 Mt Pleasant, Harare, Zimbabwe
263 242 745411|librarian@aju.ac.zw